000 00302nam a2200097Ia 4500
008 220204s9999 xx 000 0 und d
082 _aNR:339.13
_bUPA
245 0 _aWorkshop on the latest trends in exploitation, processing and marketing of natural rubber
260 _aKottayam
_bUPASI
_c1992
942 _cBK
999 _c40444
_d40444